Eastern Utah Libraries Catalog: Duchesne, Heber, Roosevelt, & Vernal

When the cranes fly south / (Record no. 413895)

MARC details
000 -LEADER
fixed length control field 02012aam a2200433 i 4500
001 - CONTROL NUMBER
control field 1468662786
003 - CONTROL NUMBER IDENTIFIER
control field Ingram
005 - DATE AND TIME OF LATEST TRANSACTION
control field 20251125134748.0
007 - PHYSICAL DESCRIPTION FIXED FIELD--GENERAL INFORMATION
fixed length control field t|
008 - FIXED-LENGTH DATA ELEMENTS--GENERAL INFORMATION
fixed length control field 250821s2025 nyu e 000 1 eng d
010 ## - LIBRARY OF CONGRESS CONTROL NUMBER
LC control number 2024952409
020 ## - INTERNATIONAL STANDARD BOOK NUMBER
International Standard Book Number 9798217006731
Qualifying information paperback
035 ## - SYSTEM CONTROL NUMBER
System control number (OCoLC)1468662786
035 90 - SYSTEM CONTROL NUMBER
System control number (OCoLC)1531385537
040 ## - CATALOGING SOURCE
Original cataloging agency TnLvILS
Language of cataloging eng
Description conventions rda
Transcribing agency TnLvILS
Modifying agency TnLvILS
041 1# - LANGUAGE CODE
Language code of text/sound track or separate title eng
Language code of original and/or intermediate translations of text swe
092 ## - LOCALLY ASSIGNED DEWEY CALL NUMBER (OCLC)
Classification number Fic
100 1# - MAIN ENTRY--PERSONAL NAME
Personal name Ridzén, Lisa,
Relator term author.
Relator code aut.
9 (RLIN) 6556708
245 10 - TITLE STATEMENT
Title When the cranes fly south /
Statement of responsibility, etc Lisa Ridzén ; translated from the Swedish by Alice Menzies.
250 ## - EDITION STATEMENT
Edition statement First U.S. Vintage Books edition.
264 #1 - Production, Publication, Distribution, Manufacture, and Copyright Notice.
Place of production, publication, distribution, manufacture New York, New York :
Name of producer, publisher, distributor, manufacturer Vintage books, a division of Penguin Random House LLC,
Date of production, publication, distribution, manufacture, or copyr 2025.
300 ## - PHYSICAL DESCRIPTION
Extent 308 pages ;
Dimensions 21 cm.
336 ## - Content Type
Content type term text
337 ## - Media type
Media type term unmediated
338 ## - Carrier type
Carrier type term volume
520 ## - SUMMARY, ETC.
Summary, etc "Bo is running out of time. Yet time is one of the few things he's got left. These days, his quiet existence is broken up only by daily visits from his home care team. Fortunately, he still has his beloved elkhound Sixten to keep him company ... though now his son, with whom Bo has had a rocky relationship, insists upon taking the dog away, claiming that Bo has grown too old to properly care for him. The threat of losing Sixten stirs up a whirlwind of emotion, leading Bo to take stock of his life, his relationships, and the imperfect way he's expressed his love over the years."--
650 #0 - SUBJECT ADDED ENTRY--TOPICAL TERM
Topical term or geographic name as entry element Dogs
Form subdivision Fiction.
9 (RLIN) 5674795
650 #0 - SUBJECT ADDED ENTRY--TOPICAL TERM
Topical term or geographic name as entry element Fathers and sons
Form subdivision Fiction.
9 (RLIN) 5673789
650 #0 - SUBJECT ADDED ENTRY--TOPICAL TERM
Topical term or geographic name as entry element Older people
Form subdivision Fiction.
9 (RLIN) 5764061
650 #0 - SUBJECT ADDED ENTRY--TOPICAL TERM
Topical term or geographic name as entry element Families
Form subdivision Fiction.
9 (RLIN) 5674501
650 #0 - SUBJECT ADDED ENTRY--TOPICAL TERM
Topical term or geographic name as entry element Love
Form subdivision Fiction.
9 (RLIN) 5673905
650 #0 - SUBJECT ADDED ENTRY--TOPICAL TERM
Topical term or geographic name as entry element Atonement
Form subdivision Fiction.
9 (RLIN) 6389382
650 #0 - SUBJECT ADDED ENTRY--TOPICAL TERM
Topical term or geographic name as entry element Friendship
Form subdivision Fiction.
9 (RLIN) 5673769
650 #0 - SUBJECT ADDED ENTRY--TOPICAL TERM
Topical term or geographic name as entry element Fatherhood
Form subdivision Fiction.
9 (RLIN) 6477880
655 #7 - INDEX TERM--GENRE/FORM
Genre/form data or focus term Domestic fiction.
Source of term lcgft.
700 1# - ADDED ENTRY--PERSONAL NAME
Personal name Menzies, Alice,
Relator term translator.
9 (RLIN) 6000000
907 ## - LOCAL DATA ELEMENT G, LDG (RLIN)
a .b513295987
942 ## - ADDED ENTRY ELEMENTS (KOHA)
Source of classification or shelving scheme Dewey Decimal Classification
Koha item type BOOK
Holdings
Withdrawn status Lost status Source of classification or shelving scheme Damaged status Not for loan Collection code Home library Current library Shelving location Date acquired Source of acquisition Total Checkouts Total Renewals Full call number Barcode Checked out Date last seen Date checked out Cost, replacement price Price effective from Koha item type
    Dewey Decimal Classification     Fiction Wasatch County Library Wasatch County Library First Floor 02/05/2026 Ingram 4 2 F Ridzén 34301002178657 05/06/2026 03/10/2026 03/10/2026 18.00 02/05/2026 BOOK
This project was made possible through a grant from the Institute of Museum and Library Service administered by the Utah State Library Division.

Wasatch County Library

  • 465 East 1200 South, Heber City, Utah 84032
  • Phone 435-654-1511 | Fax 435-654-6456

Hours

  • Monday - Friday 9:30 AM - 8:00 PM
  • Saturday 9:30 AM - 1:30 PM
  • Closed Sundays and Holidays